Statystyki dla Terytoria Należące Do Holandii

Kliknij tutaj aby rozwiązać quiz!

Ogólne statystyki

  • Ten quiz został rozwiązany 18 razy
  • Średni wynik to 5 z 7

Statystyki odpowiedzi

Odpowiedź% Poprawnych
Holandia
94%
Curaçao
88%
Aruba
81%
Bonaire
75%
Saba
75%
Sint Maarten
63%
Sint Eustatius
56%

Rozkład punktacji

Percentyl według liczby udzielonych odpowiedzi

Procent ludzi z każdym wynikiem

Twoja historia wyników

Nie rozwiązałeś tego quizu